Boston Red Sox Retired Numbers Quiz - Statistics

General Stats
  • This quiz has been taken 39 times
  • The average score is 7 of 11
Answer Stats
Number Answer % Correct
42 (League Wide) Jackie Robinson
93%
9 Ted Williams
90%
45 Pedro Martinez
80%
34 David Ortiz
77%
8 Carl Yastrzemski
70%
26 Wade Boggs
60%
14 Jim Rice
57%
27 Carlton Fisk
53%
6 Johnny Pesky
53%
1 Bobby Doerr
43%
4 Joe Cronin
30%
No matching quizzes found
Score Distribution
Percent of People with Each Score
Percentile by Number Answered
Your Score History
You have not taken this quiz